|
|
|
|
| LEADER |
00000naa2a2200000 4500 |
| 001 |
130982 |
| 005 |
20231031134130.0 |
| 035 |
|
|
|a (RuTPU)RU\TPU\book\141865
|
| 090 |
|
|
|a 130982
|
| 100 |
|
|
|a 20080211d2007 k y0rusy50 ca
|
| 101 |
0 |
|
|a rus
|
| 102 |
|
|
|a RU
|
| 200 |
1 |
|
|a Защита молибденовых контейнеров, используемых при спекании диоксида урана от зернограничной диффузии кислорода и азота
|f Ф. В. Макаров, В. В. Гузеев, Т. И. Гузеева
|
| 320 |
|
|
|a Библиогр.: 1 назв.
|
| 463 |
|
0 |
|0 (RuTPU)RU\TPU\book\93764
|y 5-98298-125-7
|t Физико-технические проблемы атомной энергетики и промышленности
|o сборник тезисов докладов IV Международной научно-практической конференции; г. Томск, 7-8 июня 2007 г.
|f Томский политехнический университет (ТПУ); Сибирский химический комбинат
|v С. 103
|d 2007
|p 174 с.
|
| 610 |
1 |
|
|a контейнеры
|
| 610 |
1 |
|
|a защита
|
| 610 |
1 |
|
|a диоксид урана
|
| 610 |
1 |
|
|a спекание
|
| 610 |
1 |
|
|a зернограничная диффузия
|
| 610 |
1 |
|
|a кислород
|
| 610 |
1 |
|
|a азот
|
| 610 |
1 |
|
|a труды учёных ТПУ
|
| 700 |
|
1 |
|a Макаров
|b Ф. В.
|
| 701 |
|
1 |
|a Гузеев
|b В. В.
|
| 701 |
|
1 |
|a Гузеева
|b Т. И.
|
| 801 |
|
1 |
|a RU
|b 63413507
|c 20080211
|g PSBO
|
| 942 |
|
|
|c BK
|